| 000 | 00502nam a2200193Ia 4500 | ||
|---|---|---|---|
| 005 | 20231117102225.0 | ||
| 008 | 131103s9999 xx 000 0 und d | ||
| 020 | _a345336364 | ||
| 040 | _aLoreto College | ||
| 041 | _aEnglish | ||
| 082 |
_aF _bTOL |
||
| 100 | _aTolkien,J.R.R. | ||
| 245 | 4 |
_aThe two towers - P - II of the Lord of the Rings _cJ.R.R.Tolkien |
|
| 260 |
_aNew York _bBallantine Books _c1965 |
||
| 300 | _a447 p. | ||
| 650 | _aFiction in English | ||
| 850 | _aLCLIB | ||
| 942 | _cBK | ||
| 999 |
_c14373 _d64852 |
||